Komunikacja rynkowa skuteczne narzedzia i obszary zastosowania

Gespeichert in:
Bibliographische Detailangaben
Weitere Verfasser: Pilarczyk, Bogna, Waskowski, Zygmunt
Format: Buch
Sprache:Polnisch
Englisch
Veröffentlicht: Poznań Wydawnictwo Uniwersytetu Ekonomicznego w Poznaniu 2010
Schriftenreihe:Zeszyty naukowe 136
Schlagworte:
Tags: Tag hinzufügen
Keine Tags, Fügen Sie das erste Tag hinzu!

MARC

LEADER 00000nam$a2200000$$$4500
001 0124024
005 20230120073113.0
020 |a 978-83-7417-476-3 
022 |a 1689-7374 
041 0 |a pol 
041 0 |a eng 
044 |a PL 
245 1 0 |a Komunikacja rynkowa  |b skuteczne narzedzia i obszary zastosowania  |c redaktorzy naukowi Bogna Pilarczyk, Zygmunt Waskowski 
264 1 |a Poznań  |b Wydawnictwo Uniwersytetu Ekonomicznego w Poznaniu  |c 2010 
300 |a 527 s. 
490 1 |a Zeszyty naukowe  |v 136 
830 0 |a Zeszyty naukowe  |v 136 
610 2 0 |a trh 
610 2 0 |a marketing 
610 2 0 |a komunikácia marketingová 
610 2 0 |a komunikácia firemná 
610 2 0 |a reklama 
610 2 0 |a internet 
610 2 0 |a práca s verejnosťou 
610 2 0 |a lobizmus 
610 2 0 |a Poľsko 
700 1 |a Pilarczyk, Bogna 
700 1 |a Waskowski, Zygmunt